Quiz superficie pays - Statistiques

Statistiques générales
  • Ce quiz a été pris 45 fois
  • Le résultat moyen est 28 sur 45
Statistiques - réponses
Question Tuile Select % Correct
Sélectionnez les pays ayant une superficie supérieure à 300 000 km2 Algérie Oui
94%
Sélectionnez les pays ayant une superficie supérieure à 300 000 km2 Guinée Non
89%
Sélectionnez les pays faisant moins de 50 000 km2 Pérou Non
83%
Sélectionnez les pays ayant une superficie supérieure à 300 000 km2 Equateur Non
78%
Sélectionnez les pays insulaires de moins de 100 000 km2 Madagascar Non
78%
Sélectionnez les pays faisant moins de 50 000 km2 Bulgarie Non
75%
Sélectionnez les pays de plus de 1 000 000 km2 Chili Non
75%
Sélectionnez les pays faisant entre 500 000 km2 et 700 000 km2 France Oui
75%
Sélectionnez les pays de plus de 1 000 000 km2 Inde Oui
75%
Sélectionnez les pays de plus de 1 000 000 km2 Mexique Oui
75%
Sélectionnez les pays de plus de 1 000 000 km2 Tanzanie Non
75%
Sélectionnez les pays de plus de 1 000 000 km2 Arabie Saoudite Oui
72%
Sélectionnez les pays insulaires de moins de 100 000 km2 Jamaïque Oui
72%
Sélectionnez les pays faisant moins de 50 000 km2 Laos Non
72%
Sélectionnez les pays insulaires de moins de 100 000 km2 Nauru Oui
72%
Sélectionnez les pays faisant moins de 50 000 km2 Burundi Oui
67%
Sélectionnez les pays insulaires de moins de 100 000 km2 Chypre Oui
67%
Sélectionnez les pays de plus de 1 000 000 km2 Soudan Oui
67%
Sélectionnez les pays faisant moins de 50 000 km2 Tadjikistan Non
67%
Sélectionnez les pays de plus de 1 000 000 km2 Iran Oui
64%
Sélectionnez les pays faisant moins de 50 000 km2 Tunisie Non
64%
Sélectionnez les pays faisant entre 500 000 km2 et 700 000 km2 Ukraine Oui
64%
Sélectionnez les pays faisant entre 500 000 km2 et 700 000 km2 Cameroun Non
61%
Sélectionnez les pays de plus de 1 000 000 km2 Libye Oui
61%
Sélectionnez les pays ayant une superficie supérieure à 300 000 km2 Royaume-Uni Non
61%
Sélectionnez les pays insulaires de moins de 100 000 km2 Islande Non
58%
Sélectionnez les pays ayant une superficie supérieure à 300 000 km2 Italie Oui
58%
Sélectionnez les pays ayant une superficie supérieure à 300 000 km2 Turkménistan Oui
58%
Sélectionnez les pays insulaires de moins de 100 000 km2 République Dominicaine Oui
56%
Sélectionnez les pays faisant entre 500 000 km2 et 700 000 km2 Afghanistan Oui
53%
Sélectionnez les pays faisant entre 500 000 km2 et 700 000 km2 Chili Non
53%
Sélectionnez les pays insulaires de moins de 100 000 km2 Cuba Non
53%
Sélectionnez les pays faisant moins de 50 000 km2 Jordanie Non
53%
Sélectionnez les pays ayant une superficie supérieure à 300 000 km2 Malaisie Oui
53%
Sélectionnez les pays faisant entre 500 000 km2 et 700 000 km2 Maroc Non
53%
Sélectionnez les pays faisant entre 500 000 km2 et 700 000 km2 Turquie Non
53%
Sélectionnez les pays faisant moins de 50 000 km2 Guinée Non
50%
Sélectionnez les pays insulaires de moins de 100 000 km2 Irlande Oui
47%
Sélectionnez les pays de plus de 1 000 000 km2 Pérou Oui
47%
Sélectionnez les pays ayant une superficie supérieure à 300 000 km2 Zambie Oui
47%
Sélectionnez les pays ayant une superficie supérieure à 300 000 km2 Japon Oui
44%
Sélectionnez les pays faisant moins de 50 000 km2 Suisse Oui
44%
Sélectionnez les pays faisant entre 500 000 km2 et 700 000 km2 Somalie Oui
42%
Sélectionnez les pays insulaires de moins de 100 000 km2 Sri Lanka Oui
42%
Sélectionnez les pays faisant entre 500 000 km2 et 700 000 km2 Soudan du sud Oui
25%
Aucun quiz correspondant
Distribution des résultats
% des personnes avec chaque résultat
Percentile par nombre de réponses
Votre historique - résultats
Vous n’avez pas pris ce quiz